00324nam a2200145Ia 4500008004100000020001400041050000900055050001600064100001500080245002200095260001200117260002300129260000900152300001700161170203s9999 xx 000 0 und d a394834550 aFic  b.D923I 1977 aDunn, Judy 4aThe Little Lamb / aU.S.A : bRamdon House, Inc. c1977 bcol. ill. ;